• 首页
  • 本馆介绍
  • 公告通知
  • 最新文献
  • 馆藏检索
  • 电子资源
  • 读者荐购
  • 参考咨询
  • CALIS
  • 我的图书馆
  • 登录
  • 详细信息显示
  • 放入我的书架
  • 预约/预借图书
  • 作者相关作品
  • 分类相关作品
  • 丛书相关作品
  • 出版社相关作品

书目信息

  • 表格格式
  • 工作单格式
  • 卡片格式
题名:
中文版Photoshop CS6宝典
    
 
作者: 宋丽颖 编著
分册:  
出版信息: 北京   人民邮电出版社  2014
页数: 488页
开本: 26cm
丛书名:
单 册:
中图分类: TP391.413
科图分类:
主题词: 图象处理软件
电子资源:
ISBN: 978-7-115-33275-2
 
 
 
 
 
000 01141nam0 2200325 450
001 141034
005 20141019145414.57
010    @a978-7-115-33275-2@b光盘@dRMB 79.00@z978-7-115-33275-2
100    @a20140504d2014 em y0chiy50 ea
101 0  @achi
102    @aCN-7-115-33275-2
102    @aCN@b110000
105    @aa z 000yy
200 1  @a中文版Photoshop CS6宝典@Azhong wen ban Photoshop CS6 bao dian@b专著@f宋丽颖编著
210    @a北京@c人民邮电出版社@d2014
215    @a488页@c图@d26cm@e1光盘
307    @a附光盘:ISBN 978-7-89413-869-9
330    @a本书从Photoshop CS6的基本操作入手,结合大量的可操作性实例(132个实战+15个综合实例),全面而深入地阐述了Photoshop CS6的基本操作、选区、图层、图像调整、图像绘制、图像修复与修饰、文本与路径、通道与蒙版、滤镜、视频动画与3D技术成像等方面的技术。
606 0  @a图象处理软件
610 0  @aPhotoshop CS
690    @aTP391.413@v5
701  0 @a宋丽颖@Asong li ying@4编著
801 0  @c20140930
905    @a241430@dTP391.413@eS770
978 -7 @b110000
978    @a-7-115-33275-2
978    @a-7-115-33275-2
978    @a-7-115-33275-2
978    @a-7-115-33275-2
978    @a-7-115-33275-2
    
    中文版Photoshop CS6宝典/宋丽颖编著.-北京:人民邮电出版社,2014
    488页:图;26cm+1光盘
    
    
    ISBN 978-7-115-33275-2(光盘):RMB 79.00
    本书从Photoshop CS6的基本操作入手,结合大量的可操作性实例(132个实战+15个综合实例),全面而深入地阐述了Photoshop CS6的基本操作、选区、图层、图像调整、图像绘制、图像修复与修饰、文本与路径、通道与蒙版、滤镜、视频动画与3D技术成像等方面的技术。
●
相关链接 在E读中查询图书 在当当中查询图书 在豆瓣中查询图书


正题名:中文版Photoshop CS6宝典     索取号:TP391.413/S770         预约/预借

序号 登录号 条形码 馆藏地/架位号 状态 备注
1 0836730   208367300   自科库301/301自科库 106排1列3层/ [索取号:TP391.413/S770] 在馆    
2 0836731   208367319   自科库301/301自科库 106排1列3层/ [索取号:TP391.413/S770] 在馆    
3 0836732   208367328   自科二线400A/400A自科库 5排1列2层/ [索取号:TP391.413/S770] 在馆    
河南城建学院图书馆 欢迎您!
大连网信软件有限公司© 版权所有